Movies Quiz

Random Movies or Clickable Quiz

1980's Movies by Cast - Part 3 (Clickable) Quiz Stats

 Plays Quiz not verified by Sporcle

Support Sporcle.
Go Orange.
Score 0/27 Timer 06:00
0 Plays Today
% Correct
Back to the Future
97.2%
Indiana Jones and the Temple of Doom
95.6%
Beverly Hills Cop
95.3%
Lethal Weapon
95%
Aliens
94.9%
The Blues Brothers
94.4%
The Breakfast Club
93.7%
Scarface
92.7%
The Karate Kid
91.7%
Beetlejuice
91.4%
Planes, Trains & Automobiles
91.2%
Platoon
90.7%
Tootsie
90.7%
The Little Mermaid
89.9%
% Correct
The Untouchables
89.9%
Spaceballs
84.8%
Das Boot
83.2%
Akira
81.7%
Glory
81.3%
My Left Foot
81.2%
Poltergeist
74.7%
RoboCop
71%
Angel Heart
66%
Evil Dead II
64.8%
Paris, Texas
52.9%
Blood Simple.
49.2%
The Killer
44.4%

You're not logged in!

Compare scores with friends on all Sporcle quizzes.
OR
Log In

From the Vault

US Billboard #2 Hits

by sbme

They may be #2 on the charts but they'll always be #1 in our hearts.
Remove Ads.
Support Sporcle.
Get the best of Sporcle when you Go Orange. This ad-free experience offers more features, more stats, and more fun while also helping to support Sporcle. Thank you for becoming a member.

Show Comments

Extras

Top Quizzes Today


Score Distribution

Your Account Isn't Verified!

In order to create a playlist on Sporcle, you need to verify the email address you used during registration. Go to your Sporcle Settings to finish the process.

Report this User

Report this user for behavior that violates our Community Guidelines.

Details: